000 01827nam0a2200337 4500
001 RU\NLR\b_ik\193692
005 20260406104433.0
010 _a978-5-9535-0312-9
_9150
035 _a(NLR Aleph) 002266123
090 _a3886288
_c3886288
100 _a20120213d2011 |||y0rusy50 ca
101 0 _aeng
102 _aRU
105 _aa |||||||||
200 1 _aProblems and prospects of Russia's cooperation with U.S./NATO in the field of missile defense
_fInst. of world economy a. intern. relations Russ. acad. of sciences
_g[ed.: V.I. Trubnikov]
210 _aMoscow
_cIMEMO RAN
_d2011
215 _a36 c., [1] л. цв. ил.
_d29
320 _aБиблиогр. в подстроч. примеч.
541 0 _aПроблемы и перспективы сотрудничества России с США/НАТО в сфере противоракетной обороны
_zrus
601 0 2 _aОрганизация Североатлантического договора
_xВоенно-политическое сотрудничество
_yРоссийская Федерация
_92088942
_3RU\NLR\AUTH\661568132
606 1 _aПротиворакетная оборона
_xМеждународное сотрудничество
_92615499
_3RU\NLR\AUTH\661552058
607 _aРоссийская Федерация
_xВоенно-политическое сотрудничество
_yСтраны-члены НАТО
_92088940
_3RU\NLR\AUTH\661568131
686 1 _aЦ8(2Р)1
686 1 _aЦ8(3)1
686 1 _aЦ64,5(0)0-54ж
702 1 _aTrubnikov
_bV. I.
_gVadim Igorevič
_4070
712 0 2 _4570
_8eng
_aInstitute of world economy and international relations
_cMoscow
_7ba
_3RU\NLR\AUTH\883074
_9277293
801 0 _aRU
_bNLR
_c20120213
_gRCR
942 _cBOOK
980 _aNB